000 00934nam a22002537a 4500
001 000041059
003 DO-SdBNP
005 20220211075216.0
007 ta
008 090701s1955 dr c 000 0 spa d
040 _aDO-SdBNP
_bspa
_cBNPHU
082 _a021.7
_bF356
110 _aFeria del Libro Iberoamericano.
_bMaría Martinez de Trujillo.
_e(20 de Diciembre de 1955-27 de febrero de 1956)
_981216
111 2 _967550
245 1 0 _aFeria del libro iberoamericano :
_bMaria Martínez de Trujillo
260 _aCiudad Trujillo :
_bComisión de la Feria del Libro,
_c1955.
300 _a30 p. :
_b ;
_c18 cm.
590 _aInventariado, 2022 / DG
611 2 4 _aFERIA INTERNACIONAL DEL LIBRO
_n(15ª :
_d2012 :
_cSANTO DOMINGO, REPÚBLICA DOMINICANA)
_xPROGRAMAS
_967551
650 4 _aFeria del libro
_xProgramas
_y2012
_967552
650 4 _aFeria del libro
_zRepública Dominicana
_y2012
_967553
910 _aDG
942 _2ddc
_cLBS1
999 _c51413
_d51413